000 00852nam a2200229Ii 4500
003 JO-AjNU
008 230605s9999||||xx |||||||||||||| ||und||
017 _a2009/7/3389
020 _a978-9957-07-721-1
040 _aJO-AjNU
_bara
_erda
_cJO-AjNU
041 _aara
050 1 4 _aDT95.5.2010
100 3 _aتأليف: حسن،صفوان طه,
_eauthor
_960174
245 0 0 _aتاريخ الايوبيين والمماليك
250 _aالطبعة الاولى
264 3 1 _aعمان: دار الفكر ناشرون وموزعون، 2010
300 _a304ص
_b ويحتوي على قائمة مراجع من ص299ص- 304ص
336 _atext
_btxt
_2rdacontent
337 _aunmediated
_bn
_2rdamedia
338 _avolume
_bnc
_2rdacarrier
650 4 _aالتاريخ الاسلامي-تاريخ العرب- المماليك 1517-1250
_960175
999 _aA27120
_c30688
_d30688